[Event "Kent Oliver mem."]
[Site "Winnipeg CAN"]
[Date "2005.01.23"]
[Round "4"]
[White "Khedkar, Jay S"]
[Black "Cleto, Sam"]
[Result "1-0"]
[WhiteElo "1955"]
[BlackElo "1840"]
[PlyCount "89"]
[GameId "2160767911031522"]
[EventDate "2005.01.21"]
[EventType "swiss"]
[EventRounds "5"]
[EventCountry "CAN"]
[SourceTitle "EXT 2006"]
[Source "ChessBase"]
[SourceDate "2005.11.24"]
[SourceVersion "1"]
[SourceVersionDate "2005.11.24"]
[SourceQuality "1"]

1. e4 c5 2. Nf3 Nc6 3. d4 cxd4 4. Nxd4 Nf6 5. Nc3 e6 6. Ndb5 d6 7. Bf4 e5 8. Bg5 Be7 9. Bxf6 gxf6 10. Nd5 O-O 11. Nxe7+ Qxe7 12. Qxd6 f5 13. Qxe7 Nxe7 14. Bd3 f4 15. Ke2 Kh8 16. g3 f5 17. Nd6 fxe4 18. Bxe4 Be6 19. Rad1 Rf6 20. b3 Raf8 21. f3 fxg3 22. hxg3 h6 23. Nxb7 Kg7 24. Nc5 Bf5 25. Nd7 Bxe4 26. Nxf6 Bxf3+ 27. Kxf3 Rxf6+ 28. Ke4 Nc6 29. Rhf1 Rg6 30. Rd7+ Kg8 31. Rc7 h5 32. Rxc6 Rxc6 33. c4 Rg6 34. Rf3 Rg5 35. b4 Rg4+ 36. Kd5 Rd4+ 37. Kc5 Rd2 38. a4 e4 39. Re3 Rd3 40. Rxe4 Rxg3 41. b5 Rg4 42. Rxg4+ hxg4 43. Kd4 Kf7 44. a5 Ke6 45. b6 1-0

[Event "Kent Oliver mem."]
[Site "Winnipeg CAN"]
[Date "2005.01.23"]
[Round "4"]
[White "Nikouline, Alexandre"]
[Black "Anderson, Collin"]
[Result "0-1"]
[WhiteElo "2026"]
[BlackElo "1826"]
[PlyCount "64"]
[GameId "2160767911031524"]
[EventDate "2005.01.21"]
[EventType "swiss"]
[EventRounds "5"]
[EventCountry "CAN"]
[SourceTitle "EXT 2006"]
[Source "ChessBase"]
[SourceDate "2005.11.24"]
[SourceVersion "1"]
[SourceVersionDate "2005.11.24"]
[SourceQuality "1"]

1. e4 e5 2. Nf3 Nc6 3. Bb5 a6 4. Ba4 Nf6 5. O-O Be7 6. Re1 b5 7. Bb3 O-O 8. d3 d5 9. exd5 Nxd5 10. Nxe5 Nxe5 11. Rxe5 c6 12. Nc3 Bf6 13. Rxd5 cxd5 14. Bxd5 Ra7 15. Bf3 Bxc3 16. bxc3 Bb7 17. Be3 Bxf3 18. Qxf3 Rd7 19. a4 Qc8 20. Qg4 Qxc3 21. Rc1 f5 22. Qf4 Re7 23. axb5 axb5 24. Bd2 Qb2 25. Qb4 Qf6 26. Qxb5 Re2 27. Qc4+ Kh8 28. g3 Rxd2 29. Kf1 Qb2 30. Re1 Qxc2 31. Qf4 Qxd3+ 32. Kg1 Rd1 0-1

[Event "Kent Oliver mem."]
[Site "Winnipeg CAN"]
[Date "2005.01.23"]
[Round "4"]
[White "Rutter, Blair"]
[Black "Degroot, Stephen"]
[Result "1-0"]
[WhiteElo "1742"]
[BlackElo "1602"]
[PlyCount "73"]
[GameId "2160767911031525"]
[EventDate "2005.01.21"]
[EventType "swiss"]
[EventRounds "5"]
[EventCountry "CAN"]
[SourceTitle "EXT 2006"]
[Source "ChessBase"]
[SourceDate "2005.11.24"]
[SourceVersion "1"]
[SourceVersionDate "2005.11.24"]
[SourceQuality "1"]

1. c4 Nf6 2. g3 g6 3. Bg2 Bg7 4. Nc3 O-O 5. e4 e5 6. Nge2 d6 7. O-O c5 8. h3 Be6 9. d3 Qd7 10. Kh2 Ne8 11. Be3 Nc7 12. Qd2 Nc6 13. f4 f5 14. Rf2 Rab8 15. Raf1 Nd4 16. fxe5 dxe5 17. Nd5 b5 18. Qa5 Bxd5 19. exd5 Ne8 20. b3 Nd6 21. Nc3 h5 22. h4 b4 23. Ne2 Nxe2 24. Rxe2 f4 25. gxf4 exf4 26. Bxf4 Qg4 27. Bxd6 Qxh4+ 28. Bh3 Rxf1 29. Bxb8 Bd4 30. Bg3 Qf6 31. Bxf1 Qxf1 32. Qd8+ Kh7 33. Qc7+ Bg7 34. Re7 Qf6 35. Rxg7+ Qxg7 36. Qxg7+ Kxg7 37. Bd6 1-0

[Event "Kent Oliver mem."]
[Site "Winnipeg CAN"]
[Date "2005.01.23"]
[Round "5"]
[White "Anderson, Collin"]
[Black "Gentes, Kevin"]
[Result "0-1"]
[WhiteElo "1826"]
[BlackElo "2321"]
[PlyCount "50"]
[GameId "2160767911031526"]
[EventDate "2005.01.21"]
[EventType "swiss"]
[EventRounds "5"]
[EventCountry "CAN"]
[SourceTitle "EXT 2006"]
[Source "ChessBase"]
[SourceDate "2005.11.24"]
[SourceVersion "1"]
[SourceVersionDate "2005.11.24"]
[SourceQuality "1"]

1. e4 c5 2. Nf3 e6 3. d4 cxd4 4. Nxd4 Nf6 5. Nc3 d6 6. f3 a6 7. Be3 b5 8. Qd2 Bb7 9. g4 h6 10. O-O-O Nbd7 11. h4 b4 12. Na4 d5 13. Nf5 exf5 14. exf5 Qa5 15. Bc4 Qxa4 16. Bb3 Qb5 17. Bf4 O-O-O 18. Kb1 Nc5 19. c4 Qb6 20. cxd5 Bxd5 21. Qf2 Bxb3 22. Rxd8+ Qxd8 23. axb3 Qd3+ 24. Ka1 Nxb3+ 25. Ka2 Bc5 0-1

[Event "Kent Oliver mem."]
[Site "Winnipeg CAN"]
[Date "2005.01.23"]
[Round "5"]
[White "Boron, Anthony"]
[Black "Khedkar, Jay S"]
[Result "0-1"]
[WhiteElo "1976"]
[BlackElo "1955"]
[PlyCount "120"]
[GameId "2160767911031527"]
[EventDate "2005.01.21"]
[EventType "swiss"]
[EventRounds "5"]
[EventCountry "CAN"]
[SourceTitle "EXT 2006"]
[Source "ChessBase"]
[SourceDate "2005.11.24"]
[SourceVersion "1"]
[SourceVersionDate "2005.11.24"]
[SourceQuality "1"]

1. e4 c5 2. Nc3 Nc6 3. Bb5 g6 4. Bxc6 bxc6 5. f4 Bg7 6. Nf3 e6 7. O-O Ne7 8. d3 d5 9. e5 Ba6 10. Qe1 Nf5 11. b3 Nd4 12. Nxd4 cxd4 13. Na4 Bf8 14. Rf3 Bb5 15. Nb2 c5 16. a4 Bc6 17. Rh3 Be7 18. g4 Qd7 19. Bd2 Rb8 20. Rh6 c4 21. dxc4 dxc4 22. Nxc4 Qd5 23. Qf1 Qh1+ 24. Kf2 Qf3+ 25. Ke1 Qxg4 26. Nd6+ Kf8 27. Qf2 Kg7 28. h3 Qf3 29. Qxf3 Bxf3 30. f5 exf5 31. Kf2 Bxd6 32. exd6 Be4 33. Rh4 Rhd8 34. Bh6+ Kf6 35. Bd2 h5 36. Rg1 Ke6 37. b4 Rbc8 38. Rc1 Rxd6 39. b5 a6 40. Bb4 Rd7 41. c4 dxc3 42. Rxc3 Rxc3 43. Bxc3 axb5 44. axb5 Rb7 45. Ke3 Rxb5 46. Rf4 Rd5 47. Bd4 Ra5 48. h4 Ra3+ 49. Ke2 Ra2+ 50. Ke3 f6 51. Rf1 Ra3+ 52. Kf4 Rh3 53. Ba7 Rxh4+ 54. Ke3 Rh3+ 55. Kd4 h4 56. Ra1 Rd3+ 57. Kc4 g5 58. Bb8 g4 59. Ra6+ Kf7 60. Ra7+ Kg6 0-1

[Event "Kent Oliver mem."]
[Site "Winnipeg CAN"]
[Date "2005.01.23"]
[Round "5"]
[White "Cleto, Sam"]
[Black "Kaptsan, Aron"]
[Result "0-1"]
[WhiteElo "1840"]
[BlackElo "1890"]
[PlyCount "62"]
[GameId "2160767911031528"]
[EventDate "2005.01.21"]
[EventType "swiss"]
[EventRounds "5"]
[EventCountry "CAN"]
[SourceTitle "EXT 2006"]
[Source "ChessBase"]
[SourceDate "2005.11.24"]
[SourceVersion "1"]
[SourceVersionDate "2005.11.24"]
[SourceQuality "1"]

1. e4 e5 2. Nf3 Nc6 3. Bb5 a6 4. Ba4 Nf6 5. O-O Nxe4 6. d4 b5 7. Bb3 d5 8. dxe5 Be6 9. c3 Bc5 10. Be3 Bxe3 11. fxe3 O-O 12. Nd4 Nxe5 13. Nd2 Nxd2 14. Qxd2 c5 15. Nxe6 fxe6 16. Rxf8+ Qxf8 17. Rf1 Qd6 18. e4 c4 19. Bc2 Nd3 20. Bxd3 dxe4 21. Qf2 exd3 22. Qf7+ Kh8 23. h4 h6 24. h5 e5 25. Qf3 Rd8 26. Qe4 d2 27. Rd1 Qd5 28. Qg6 e4 29. Kf2 Rf8+ 30. Kg3 Qd3+ 31. Kh4 e3 0-1

[Event "Kent Oliver mem."]
[Site "Winnipeg CAN"]
[Date "2005.01.23"]
[Round "5"]
[White "Czarny, Keith"]
[Black "MacPherson, Al"]
[Result "1-0"]
[WhiteElo "1651"]
[BlackElo "1752"]
[PlyCount "65"]
[GameId "2160767911031529"]
[EventDate "2005.01.21"]
[EventType "swiss"]
[EventRounds "5"]
[EventCountry "CAN"]
[SourceTitle "EXT 2006"]
[Source "ChessBase"]
[SourceDate "2005.11.24"]
[SourceVersion "1"]
[SourceVersionDate "2005.11.24"]
[SourceQuality "1"]

1. Nf3 d5 2. c4 Nf6 3. cxd5 Nxd5 4. e4 Nf6 5. Nc3 e6 6. d4 Be7 7. Bd3 O-O 8. O-O c5 9. dxc5 Bxc5 10. Bg5 Be7 11. Qc2 h6 12. Bh4 Nc6 13. a3 Nh5 14. Bxe7 Qxe7 15. e5 Nf4 16. Be4 Bd7 17. Rad1 Rfd8 18. Rd2 Rac8 19. Rfd1 Na5 20. Rd4 Nc4 21. Bh7+ Kh8 22. Rxf4 Rc7 23. Rfd4 Nxb2 24. Qxb2 Kxh7 25. Qb1+ Kh8 26. h3 Rxc3 27. Qxb7 Rxf3 28. Rxd7 Rxd7 29. Rxd7 Qg5 30. Qxf3 Qxe5 31. Qxf7 a5 32. Qg6 Qf6 33. Qxf6 1-0

[Event "Kent Oliver mem."]
[Site "Winnipeg CAN"]
[Date "2005.01.23"]
[Round "5"]
[White "Kohalmi, Andy"]
[Black "Degroot, Stephen"]
[Result "1-0"]
[WhiteElo "1644"]
[BlackElo "1602"]
[PlyCount "67"]
[GameId "2160767911031530"]
[EventDate "2005.01.21"]
[EventType "swiss"]
[EventRounds "5"]
[EventCountry "CAN"]
[SourceTitle "EXT 2006"]
[Source "ChessBase"]
[SourceDate "2005.11.24"]
[SourceVersion "1"]
[SourceVersionDate "2005.11.24"]
[SourceQuality "1"]

1. d4 Nf6 2. Nf3 e6 3. e3 b6 4. Bd3 Bb7 5. Nbd2 d5 6. b3 c5 7. Bb2 Be7 8. O-O O-O 9. Rc1 Nbd7 10. Re1 Ne4 11. c4 Rc8 12. Qc2 Ndf6 13. dxc5 bxc5 14. Red1 Qb6 15. h3 h6 16. Qb1 Nxd2 17. Nxd2 d4 18. exd4 cxd4 19. Nf3 Bxf3 20. gxf3 Bc5 21. Re1 Nh5 22. Re4 f5 23. Rh4 g6 24. Re1 Qd8 25. Rxh5 gxh5 26. Rxe6 Qg5+ 27. Kh1 Rc7 28. Bc1 Qh4 29. Bxf5 Qxf2 30. Rg6+ Rg7 31. Be6+ Rff7 32. Bxf7+ Kxf7 33. Qf5+ Ke8 34. Rxg7 1-0

[Event "Kent Oliver mem."]
[Site "Winnipeg CAN"]
[Date "2005.01.23"]
[Round "5"]
[White "Rutter, Blair"]
[Black "Nikouline, Alexandre"]
[Result "0-1"]
[WhiteElo "1742"]
[BlackElo "2026"]
[PlyCount "41"]
[GameId "2160767911031533"]
[EventDate "2005.01.21"]
[EventType "swiss"]
[EventRounds "5"]
[EventCountry "CAN"]
[SourceTitle "EXT 2006"]
[Source "ChessBase"]
[SourceDate "2005.11.24"]
[SourceVersion "1"]
[SourceVersionDate "2005.11.24"]
[SourceQuality "1"]

1. c4 e5 2. g3 d6 3. Bg2 Nc6 4. Nc3 Be6 5. d3 Qd7 6. e4 g6 7. Be3 Bg7 8. Qd2 Nge7 9. f4 O-O 10. Nf3 f5 11. Ng5 Nd8 12. Nxe6 Nxe6 13. exf5 Nxf5 14. Bxb7 Rab8 15. Bd5 Nxe3 16. Qxe3 Rxb2 17. O-O Kh8 18. Rac1 c6 19. Bxe6 Qxe6 20. d4 Qh3 21. Qf3 0-1

[Event "Kent Oliver mem."]
[Site "Winnipeg CAN"]
[Date "2005.01.23"]
[Round "5"]
[White "Tang, Edward"]
[Black "Gustafson, Dale"]
[Result "1-0"]
[WhiteElo "1995"]
[BlackElo "1815"]
[PlyCount "115"]
[GameId "2160767911031534"]
[EventDate "2005.01.21"]
[EventType "swiss"]
[EventRounds "5"]
[EventCountry "CAN"]
[SourceTitle "EXT 2006"]
[Source "ChessBase"]
[SourceDate "2005.11.24"]
[SourceVersion "1"]
[SourceVersionDate "2005.11.24"]
[SourceQuality "1"]

1. e4 d5 2. d3 dxe4 3. dxe4 Qxd1+ 4. Kxd1 Nc6 5. Be3 Nf6 6. f3 e5 7. Nd2 Be6 8. c3 Be7 9. Kc2 a6 10. Ne2 b5 11. Nc1 O-O 12. Ncb3 Nd7 13. a4 Rab8 14. axb5 axb5 15. Ra6 Nd8 16. Ba7 Rc8 17. Bxb5 Nb8 18. Raa1 Nb7 19. Rhd1 Nd6 20. Bd3 Rfd8 21. Nc5 Bd7 22. Nxd7 Nxd7 23. Be3 Ra8 24. Nb3 Ne8 25. Rxa8 Rxa8 26. Bb5 Ndf6 27. Ra1 Rb8 28. Bc6 Kf8 29. Nc5 Rb6 30. Nd7+ Nxd7 31. Bxd7 Rd6 32. Bb5 Rd8 33. Bc6 Rd6 34. Bb5 Rd8 35. Bc6 Rd6 36. Bd5 c6 37. Bc4 Rg6 38. Bf1 Rd6 39. Ra8 Rd8 40. Rxd8 Bxd8 41. b4 Ke7 42. c4 Kd6 43. Kc3 f6 44. c5+ Kd7 45. b5 Ba5+ 46. Kb3 cxb5 47. Bxb5+ Kd8 48. Bxe8 Kxe8 49. Ka4 Bc7 50. Kb5 Kd7 51. c6+ Kc8 52. Bc5 g6 53. g4 h5 54. h3 Bd8 55. Bd6 hxg4 56. hxg4 Bc7 57. Bxc7 Kxc7 58. Kc5 1-0

[Event "Khalif"]
[Site "Charlesbourg CAN"]
[Date "2005.02.14"]
[Round "1"]
[White "Beaudoin, Stephane"]
[Black "Chevalier, Philippe"]
[Result "1-0"]
[WhiteElo "2044"]
[BlackElo "1522"]
[PlyCount "37"]
[GameId "2160767910965729"]
[EventDate "2005.02.14"]
[EventType "swiss"]
[EventRounds "5"]
[EventCountry "CAN"]

1. e4 e5 2. Bc4 Nf6 3. d3 c5 4. Ne2 Nc6 5. O-O Be7 6. Nbc3 b6 7. Ng3 Bb7 8. Nf5 Bf8 9. Bg5 Na5 10. Bd5 h6 11. Bxb7 Nxb7 12. Bxf6 gxf6 13. Qg4 Nd6 14. Ng7+ Bxg7 15. Qxg7 Rf8 16. Nd5 Rc8 17. Nxf6+ Ke7 18. Nd5+ Ke8 19. Qxe5+ 1-0

[Event "Khalif"]
[Site "Charlesbourg CAN"]
[Date "2005.02.14"]
[Round "1"]
[White "Gagnon, Alain"]
[Black "Lapierre, Gaetan"]
[Result "0-1"]
[WhiteElo "1564"]
[BlackElo "1902"]
[PlyCount "110"]
[GameId "2160767910965730"]
[EventDate "2005.02.14"]
[EventType "swiss"]
[EventRounds "5"]
[EventCountry "CAN"]

1. d4 Nf6 2. c4 d6 3. Nc3 g6 4. e4 Bg7 5. Nf3 O-O 6. Be2 e5 7. d5 Nbd7 8. O-O Ne8 9. Ne1 f5 10. f4 fxe4 11. Nxe4 exf4 12. Qc2 Ne5 13. Bxf4 Ng4 14. Bxg4 Bxg4 15. Nd3 h6 16. Bd2 Nf6 17. Nxf6+ Rxf6 18. Bc3 Rxf1+ 19. Rxf1 Qd7 20. Bxg7 Qxg7 21. Nf4 Bf5 22. Qe2 Qe5 23. Qxe5 dxe5 24. Ne6 Bxe6 25. dxe6 Rf8 26. Rd1 Kg7 27. Rd7+ Kf6 28. e7 Re8 29. Rxc7 Rxe7 30. Rxe7 Kxe7 31. Kf2 a5 32. b3 Kd6 33. Ke3 Kc5 34. a3 a4 35. bxa4 Kxc4 36. Ke4 Kb3 37. a5 Kxa3 38. Kxe5 Ka4 39. Kf6 Kxa5 40. Kxg6 b5 41. Kxh6 b4 42. g4 b3 43. g5 b2 44. h4 b1=Q 45. g6 Qc1+ 46. Kh7 Qh1 47. g7 Qxh4+ 48. Kg6 Qg4+ 49. Kf7 Qf5+ 50. Ke7 Qg6 51. Kf8 Qf6+ 52. Kg8 Kb6 53. Kh7 Qf7 54. Kh8 Qh5+ 55. Kg8 Kc6 0-1

[Event "Khalif"]
[Site "Charlesbourg CAN"]
[Date "2005.02.14"]
[Round "1"]
[White "Laflamme, Simon"]
[Black "Lapointe, Daniel"]
[Result "1-0"]
[WhiteElo "1979"]
[BlackElo "1539"]
[PlyCount "65"]
[GameId "2160767910965731"]
[EventDate "2005.02.14"]
[EventType "swiss"]
[EventRounds "5"]
[EventCountry "CAN"]

1. d4 Nf6 2. Nc3 d5 3. e4 dxe4 4. f3 e3 5. Bxe3 e6 6. Bd3 Bb4 7. Nge2 Nbd7 8. O-O c6 9. Bg5 Qc7 10. Ne4 Bd6 11. Nxd6+ Qxd6 12. Re1 O-O 13. c3 c5 14. Kh1 cxd4 15. Nxd4 Qb6 16. Re2 a6 17. Qc2 Qa5 18. Bh4 h6 19. b4 Qh5 20. Bg3 Nd5 21. Rae1 Re8 22. a3 b5 23. Nf5 N7b6 24. Re5 f6 25. R5e2 Bd7 26. Nd6 Re7 27. Bh7+ Kh8 28. Bg6 Qg5 29. Nf7+ Rxf7 30. Bxf7 f5 31. Bxe6 f4 32. Bf2 Nf6 33. Bxb6 1-0

[Event "Khalif"]
[Site "Charlesbourg CAN"]
[Date "2005.02.14"]
[Round "1"]
[White "Robitaille, Denis"]
[Black "Koenig, Pierre"]
[Result "1-0"]
[WhiteElo "1855"]
[BlackElo "1464"]
[PlyCount "85"]
[GameId "2160767910965732"]
[EventDate "2005.02.14"]
[EventType "swiss"]
[EventRounds "5"]
[EventCountry "CAN"]

1. Nf3 Nf6 2. c4 g6 3. b4 Bg7 4. Bb2 O-O 5. g3 d6 6. Bg2 c5 7. b5 Nbd7 8. O-O a6 9. a4 Nb6 10. d3 a5 11. Nfd2 Ra7 12. Nb3 Nbd7 13. Qd2 b6 14. d4 e5 15. e3 exd4 16. exd4 Re8 17. Nc3 Bb7 18. Bc6 Bxc6 19. bxc6 Nb8 20. d5 Ne4 21. Nxe4 Rxe4 22. Bxg7 Kxg7 23. Qc3+ Kg8 24. Rae1 Rae7 25. Rxe4 Rxe4 26. Re1 Rxe1+ 27. Qxe1 Na6 28. Nd2 Nb4 29. Nf3 Nc2 30. Qc3 Nb4 31. Qe3 Nc2 32. Qg5 Qc7 33. Nd2 Nd4 34. Qf6 Nf5 35. Ne4 h5 36. h3 Qb8 37. g4 hxg4 38. hxg4 Nd4 39. Nxd6 Nf3+ 40. Kh1 Qc7 41. Qxf7+ Qxf7 42. Nxf7 Kxf7 43. c7 1-0

[Event "Khalif"]
[Site "Charlesbourg CAN"]
[Date "2005.02.14"]
[Round "1"]
[White "Turcot, Jean"]
[Black "Filiatreault, Michel"]
[Result "1/2-1/2"]
[WhiteElo "1476"]
[BlackElo "1936"]
[PlyCount "128"]
[GameId "2160767910965733"]
[EventDate "2005.02.14"]
[EventType "swiss"]
[EventRounds "5"]
[EventCountry "CAN"]

1. b4 d5 2. Bb2 e6 3. Nf3 Nf6 4. b5 c6 5. e3 Be7 6. c4 cxb5 7. cxd5 O-O 8. Bxb5 Nxd5 9. O-O a6 10. Be2 Nc6 11. a3 Bf6 12. Bxf6 Qxf6 13. d4 Rd8 14. Qc2 Bd7 15. Nbd2 Qe7 16. Qb2 Rab8 17. Rfc1 Rdc8 18. Ne4 Be8 19. Nc5 Qc7 20. Rab1 Nf6 21. Ne5 Nxe5 22. dxe5 Nd7 23. Nxd7 Qxd7 24. Rxc8 Rxc8 25. Rd1 Qc7 26. Qd4 b5 27. f4 Bc6 28. Qd6 g6 29. Qxc7 Rxc7 30. Rc1 Rc8 31. Bf3 Bd7 32. Rxc8+ Bxc8 33. Bc6 Kf8 34. Kf2 Ke7 35. Ke1 Kd8 36. Kd2 Bd7 37. Bb7 a5 38. Kc3 Kc7 39. Bf3 Kb6 40. g3 Kc5 41. Kb3 Bc6 42. Bd1 Bd5+ 43. Kc3 b4+ 44. axb4+ axb4+ 45. Kb2 Bc4 46. Ba4 Bb5 47. Bb3 Bc6 48. Bd1 h6 49. g4 Be4 50. Ba4 Bf3 51. Be8 Bxg4 52. Bxf7 Bf5 53. e4 Bxe4 54. Bxe6 Kd4 55. Bf7 g5 56. fxg5 hxg5 57. e6 Bd5 58. Bg8 Ke5 59. e7 Bc6 60. Bf7 g4 61. e8=Q+ Bxe8 62. Bxe8 Kf4 63. Bc6 Ke3 64. Kb3 Kf2 1/2-1/2

[Event "Khalif"]
[Site "Charlesbourg CAN"]
[Date "2005.02.14"]
[Round "1"]
[White "Zroud, Hicham"]
[Black "Lessard, Claude"]
[Result "1-0"]
[WhiteElo "1581"]
[BlackElo "1907"]
[PlyCount "107"]
[GameId "2160767910965734"]
[EventDate "2005.02.14"]
[EventType "swiss"]
[EventRounds "5"]
[EventCountry "CAN"]

1. d4 Nf6 2. Nf3 c5 3. e3 g6 4. c3 cxd4 5. exd4 Bg7 6. Be2 O-O 7. Bf4 d6 8. O-O Nbd7 9. h3 a6 10. a4 Qc7 11. Nbd2 b6 12. Re1 Bb7 13. Bc4 Nh5 14. Bh2 e5 15. dxe5 dxe5 16. Rc1 Rad8 17. Qe2 Nf4 18. Bxf4 exf4 19. Bxa6 Nc5 20. Bb5 Bc6 21. Red1 Nxa4 22. Qc4 Nxb2 23. Qxc6 Qxc6 24. Bxc6 Nxd1 25. Rxd1 Bxc3 26. Ba4 Ra8 27. Bc6 Rac8 28. Ba4 Rfd8 29. Rc1 Bf6 30. Rb1 Ra8 31. Bb5 Ra1 32. Rxa1 Bxa1 33. Kf1 Bc3 34. Ke2 h6 35. Nb1 Bf6 36. Bd3 Kf8 37. Nbd2 Ra8 38. Nc4 b5 39. Ncd2 b4 40. Nb3 Ke7 41. Nfd2 Ra2 42. Bc4 Bc3 43. Kd3 f5 44. g3 fxg3 45. fxg3 g5 46. Ke3 Kf6 47. Kd3 Bxd2 48. Nxd2 Ra1 49. Nf3 Ra3+ 50. Ke2 b3 51. Nd2 b2 52. Bd3 Rc3 53. g4 f4 54. Ne4+ 1-0

[Event "Khalif"]
[Site "Charlesbourg CAN"]
[Date "2005.02.20"]
[Round "2"]
[White "Bonneau, Daniel"]
[Black "Bluteau, Yvon"]
[Result "1-0"]
[WhiteElo "1915"]
[BlackElo "1688"]
[PlyCount "79"]
[GameId "2160767910965735"]
[EventDate "2005.02.14"]
[EventType "swiss"]
[EventRounds "5"]
[EventCountry "CAN"]

1. e4 c5 2. Nf3 Nf6 3. Nc3 d5 4. exd5 Nxd5 5. Bc4 e6 6. O-O Be7 7. d3 O-O 8. Bd2 Nc6 9. Qe2 Nxc3 10. Bxc3 Na5 11. Qe5 Bf6 12. Qxc5 Bxc3 13. bxc3 b6 14. Qd4 Nxc4 15. Qxc4 Bb7 16. Qf4 f6 17. Rfd1 e5 18. Qe3 Qc7 19. c4 Rac8 20. Rab1 Bc6 21. Nd2 Rce8 22. Ne4 f5 23. Nc3 Qb7 24. f3 Qc7 25. a4 e4 26. fxe4 fxe4 27. Rf1 exd3 28. Qxd3 Qe7 29. Rxf8+ Rxf8 30. Rd1 Re8 31. Nd5 Qc5+ 32. Kh1 Bxa4 33. Rf1 Bd7 34. Nf6+ gxf6 35. Qxd7 Qe7 36. Qg4+ Qg7 37. Qf3 Qf7 38. h3 Rc8 39. Qg4+ Qg6 40. Qxc8+ 1-0

[Event "Khalif"]
[Site "Charlesbourg CAN"]
[Date "2005.02.20"]
[Round "2"]
[White "Caron, Sebastien"]
[Black "Boissinot, Claude"]
[Result "1-0"]
[WhiteElo "1835"]
[BlackElo "1548"]
[PlyCount "101"]
[GameId "2160767910965736"]
[EventDate "2005.02.14"]
[EventType "swiss"]
[EventRounds "5"]
[EventCountry "CAN"]

1. e4 c5 2. Nf3 e6 3. d4 cxd4 4. Nxd4 Nf6 5. Nc3 d6 6. Bg5 Be7 7. f4 h6 8. Bh4 Nxe4 9. Bxe7 Nxc3 10. Bxd8 Nxd1 11. Rxd1 Kxd8 12. Nb5 d5 13. c4 a6 14. Nc3 Re8 15. cxd5 exd5+ 16. Kf2 Bd7 17. Nxd5 Re6 18. g3 Rd6 19. Bh3 Ra7 20. Ne3 Rxd1 21. Rxd1 b5 22. Bxd7 Rxd7 23. Rxd7+ Nxd7 24. Nf5 g6 25. Nxh6 Ke7 26. Ng4 Nc5 27. Ke3 Na4 28. b3 Nc3 29. a3 Nb1 30. a4 bxa4 31. bxa4 Nc3 32. a5 Nb5 33. Ne5 Nd6 34. g4 Nb7 35. Nc4 f6 36. Ke4 Ke6 37. f5+ gxf5+ 38. gxf5+ Ke7 39. Kd5 Nd8 40. Kc5 Kd7 41. Kb6 Nc6 42. Kxa6 Kc7 43. Ne3 Ne5 44. h4 Nf3 45. h5 Kc6 46. Ka7 Ng5 47. a6 Nf7 48. Kb8 Ne5 49. h6 Nd7+ 50. Kc8 Nb6+ 51. Kd8 1-0

[Event "Khalif"]
[Site "Charlesbourg CAN"]
[Date "2005.02.20"]
[Round "2"]
[White "Cote, Jocelyn"]
[Black "Laflamme, Simon"]
[Result "0-1"]
[WhiteElo "1746"]
[BlackElo "1979"]
[PlyCount "90"]
[GameId "2160767910965737"]
[EventDate "2005.02.14"]
[EventType "swiss"]
[EventRounds "5"]
[EventCountry "CAN"]

1. d4 Nf6 2. c4 Nc6 3. Nc3 e5 4. d5 Ne7 5. e4 Ng6 6. f3 Bc5 7. a3 O-O 8. Nge2 a5 9. Bd2 d6 10. Na4 Ba7 11. Bxa5 Bf2+ 12. Kxf2 Rxa5 13. Nac3 Nh5 14. b4 Ra8 15. a4 f5 16. Ke1 Nf6 17. Qb3 fxe4 18. Nxe4 Nxe4 19. fxe4 Qh4+ 20. Ng3 Bg4 21. Qe3 Rf7 22. h3 Bf3 23. gxf3 Qxg3+ 24. Qf2 Rxf3 25. Qxg3 Rxg3 26. Kd2 Nf4 27. c5 Rb3 28. cxd6 cxd6 29. b5 Rb4 30. Bd3 Rbxa4 31. Rxa4 Rxa4 32. Rc1 Rd4 33. Rc3 g6 34. Kc2 Nxd3 35. Rc8+ Kg7 36. Rc7+ Kf6 37. Rxb7 Nc5 38. Rb8 Nxe4 39. b6 Nc5 40. Kc3 Rxd5 41. Kc4 Rd4+ 42. Kb5 e4 43. Rc8 e3 44. Rxc5 dxc5 45. Kxc5 Rd8 0-1

[Event "Khalif"]
[Site "Charlesbourg CAN"]
[Date "2005.02.20"]
[Round "2"]
[White "Coulon, Dominic"]
[Black "Beaudoin, Stephane"]
[Result "0-1"]
[WhiteElo "1773"]
[BlackElo "2044"]
[PlyCount "118"]
[GameId "2160767910965738"]
[EventDate "2005.02.14"]
[EventType "swiss"]
[EventRounds "5"]
[EventCountry "CAN"]

1. d4 Nf6 2. c4 e6 3. Nc3 c5 4. Nf3 Be7 5. Bf4 cxd4 6. Nxd4 d6 7. Ndb5 e5 8. Bg5 a6 9. Na3 O-O 10. Bxf6 Bxf6 11. Nd5 Bg5 12. Nc2 Nc6 13. e3 Ne7 14. h4 Bh6 15. g4 Nxd5 16. cxd5 g6 17. g5 Bg7 18. e4 f5 19. gxf6 Qxf6 20. Qd2 Bg4 21. Bh3 Qxh4 22. Bg2 Qf6 23. Ne3 Bf3 24. Rh3 Bxg2 25. Nxg2 Rac8 26. Ne3 Qf4 27. f3 Bh6 28. Ke2 Qxe3+ 29. Qxe3 Bxe3 30. Kxe3 Rc2 31. Rah1 Rf7 32. R3h2 Rc5 33. Rf1 Kg7 34. Rhf2 Rf4 35. Rg1 Rc7 36. Rfg2 Rh4 37. Kd3 Rh3 38. Rf1 Kf6 39. Ke3 g5 40. Kd2 h6 41. Rgf2 Kg6 42. Rc1 Rxc1 43. Kxc1 Kh5 44. Kd2 Kh4 45. Ke2 Kg3 46. b4 b5 47. Ke3 Rh2 48. Rf1 Rxa2 49. Rc1 Ra3+ 50. Ke2 Kf4 51. Rc6 Ra2+ 52. Kd1 Kxf3 53. Rxd6 g4 54. Rg6 Ra4 55. Rxh6 Rxb4 56. Rxa6 g3 57. Ra3+ Kf2 58. Ra2+ Kf1 59. d6 g2 0-1

[Event "Khalif"]
[Site "Charlesbourg CAN"]
[Date "2005.02.20"]
[Round "2"]
[White "Gago, Nelson"]
[Black "Turcot, Jean"]
[Result "1-0"]
[WhiteElo "1825"]
[BlackElo "1476"]
[PlyCount "67"]
[GameId "2160767910965739"]
[EventDate "2005.02.14"]
[EventType "swiss"]
[EventRounds "5"]
[EventCountry "CAN"]

1. c4 Nf6 2. Nc3 e5 3. g3 c6 4. Bg2 d6 5. d3 Be7 6. Nf3 h6 7. O-O Be6 8. b3 O-O 9. Bb2 Nbd7 10. e3 Nb6 11. Qe2 Qc7 12. h3 Rad8 13. Rac1 Qd7 14. Kh2 Qe8 15. Ng1 Nfd7 16. f4 f6 17. f5 Bf7 18. Rc2 d5 19. cxd5 Nxd5 20. Nxd5 cxd5 21. Rfc1 Bd6 22. Qd2 Qe7 23. Qa5 e4 24. d4 Ra8 25. Ne2 Nb6 26. Nf4 Bxf4 27. gxf4 Qd7 28. Rc7 Qxf5 29. Rxb7 Nc8 30. Ba3 Re8 31. Qc7 Qg6 32. Bf1 Be6 33. Be2 a5 34. Rg1 1-0

[Event "Khalif"]
[Site "Charlesbourg CAN"]
[Date "2005.02.20"]
[Round "2"]
[White "Lapierre, Gaetan"]
[Black "Fortier, Bertrand"]
[Result "1-0"]
[WhiteElo "1902"]
[BlackElo "1667"]
[PlyCount "65"]
[GameId "2160767910965740"]
[EventDate "2005.02.14"]
[EventType "swiss"]
[EventRounds "5"]
[EventCountry "CAN"]

1. Nf3 d5 2. d4 Nf6 3. g3 Bf5 4. Bg2 c6 5. Nbd2 e6 6. O-O Be7 7. c3 Nbd7 8. Nh4 Bg4 9. f4 Ne4 10. Nhf3 Ndf6 11. Nxe4 Nxe4 12. Ne5 Nf6 13. Nxg4 Nxg4 14. e4 Nf6 15. e5 Nd7 16. g4 Qb6 17. Qb3 O-O-O 18. Be3 c5 19. Rfc1 c4 20. Qc2 Kb8 21. Rcb1 Qc7 22. a4 Ka8 23. a5 a6 24. b3 cxb3 25. Qxb3 Nb8 26. c4 Nc6 27. cxd5 exd5 28. Bxd5 Qd7 29. Bg2 Rb8 30. d5 Nb4 31. d6 Bxd6 32. exd6 Qxd6 33. Qxb4 1-0